Sigma Males PT.2 - Statistics

General Stats
  • This quiz has been taken 177 times
  • The average score is 7 of 15
Answer Stats
Hint Answer % Correct
He Wants To Collect Six Stones To Get Rid Of Half Of The Universe Thanos
97%
Crime Solving Genius,Played By Benedict Cumberbatch Sherlock
75%
He Takes The Red Pill Into The Matrix,Played By Keanu Neo
69%
A Green Creature Helps To Save A Princess And Meets An Annoying Donkey Along The Way Shrek
68%
A Guy Who Appears In A Guy's Mind and They Make A Club For Fighting,Which Led To Terrorism Tyler Durden
66%
He Wages War Against The Gods,Kills Multiple Gods,Becomes The God Of War After Killing Ares Kratos
63%
A Corporate Creation By A Pharmaceutical Company,One Of The Most Sadistic Superheroes Of The Show He Is In Homelander
61%
He Could Kill Gods With One Punch,He Has A Bald Head Saitama
45%
He Protects The Earth But When His Son Revolts,He Explains He Can Start Over Again,Eliminates The Worlds Top Heroes In A Matter Of Minutes Omni-Man
39%
Parking Attendant To Lethal Enforcer,Breaking Bad Mike Ehrmantraut
36%
The Son Of Don Vito Corleone,Played By Al Pacino Michael Corleone
27%
Psychopath Who Has A Weird Air Gun,Played By Javier Bardem Anton Chigurh
25%
The Reason Why Can You Feel My Heart Became Popular Again Giga Chad
25%
A Stringer Who Records Violent Events Late At Night In Los Angeles And Sells The Footage To A Local Television News Station,Played By Jake Gyllenhaal Louis Bloom
23%
One Of London's Most Feared Gangsters,Has A Twin Brother Reginald Kray
19%
No matching quizzes found
Score Distribution
Percent of People with Each Score
Percentile by Number Answered
Your Score History
You have not taken this quiz